[Event "BCF-chT4S 1920 (4NCL)"]
[Site "England"]
[Date "2020.02.09"]
[Round "6.115"]
[White "Tharkabhushanam, Anirvin"]
[Black "Shek, Kim"]
[Result "1-0"]
[WhiteElo "1300"]
[BlackElo "1285"]
[PlyCount "65"]
[EventDate "2019.11.09"]
[EventType "team-swiss"]
[EventRounds "11"]
[EventCountry "ENG"]
[SourceTitle "EXT 2022"]
[Source "ChessBase"]
[SourceDate "2021.10.06"]
[SourceVersion "1"]
[SourceVersionDate "2021.10.06"]
[SourceQuality "1"]
[WhiteTeam "Watford II"]
[BlackTeam "Crowthorne II"]
[WhiteTeamCountry "ENG"]
[BlackTeamCountry "ENG"]

1. d4 d5 2. Bf4 Nf6 3. c3 Nc6 4. Nd2 Bf5 5. Ngf3 Ne4 6. e3 g6 7. Bd3 Bg7 8. Qc2 0-0 9. Nxe4 dxe4 10. Bxe4 Bxe4 11. Qxe4 e6 12. 0-0-0 Re8 13. Qc2 Qd5 14. Kb1 Re7 15. c4 Qa5 16. c5 Nb4 17. Qb3 Rb8 18. a3 Nd5 19. Bg3 b5 20. e4 Nf6 21. Ne5 Qa6 22. f3 Nd7 23. Ng4 Rb7 24. Rhe1 Nb8 25. Bh4 Rd7 26. Bf6 Nc6 27. d5 Na5 28. Qc3 Bf8 29. c6 b4 30. Qd3 Qxd3+ 31. Rxd3 Nxc6 32. dxc6 Rxd3 33. cxb7 1-0

[Event "BCF-chT4S 1920 (4NCL)"]
[Site "England"]
[Date "2019.11.09"]
[Round "1.126"]
[White "Tharkabhushanam, Anirvin"]
[Black "Graham, Neil"]
[Result "0-1"]
[WhiteElo "1300"]
[BlackElo "1825"]
[PlyCount "50"]
[EventDate "2019.11.09"]
[EventType "team-swiss"]
[EventRounds "11"]
[EventCountry "ENG"]
[SourceTitle "EXT 2022"]
[Source "ChessBase"]
[SourceDate "2021.10.06"]
[SourceVersion "1"]
[SourceVersionDate "2021.10.06"]
[SourceQuality "1"]
[WhiteTeam "Watford II"]
[BlackTeam "Ashfield II"]
[WhiteTeamCountry "ENG"]
[BlackTeamCountry "ENG"]

1. e4 e5 2. Nf3 Nf6 3. Nc3 Nc6 4. Bc4 Be7 5. 0-0 0-0 6. d3 d6 7. h3 Na5 8. Be3 Nxc4 9. dxc4 b6 10. Re1 Bb7 11. Bd2 Qd7 12. Nd5 Nxd5 13. cxd5 f5 14. c4 fxe4 15. Rxe4 Rf7 16. Bc3 Raf8 17. Re3 Qf5 18. Qe2 Bc8 19. g4 Qg6 20. Rf1 Bxg4 21. hxg4 Qxg4+ 22. Kh1 Rxf3 23. Rxf3 Rxf3 24. Qxf3 Qxf3+ 25. Kh2 Bg5 0-1